01270nam a2200313 a 4500001001200000003000800012006001900020007001500039008004100054010001700095020003500112040002100147035002100168043001200189050002200201082001200223100002100235245009900256260010100355300002300456504005100479533015200530650004200682651004100724655002900765710001700794856012600811999001900937ebr10381242CaPaEBRm u cr cn|||||||||041015s2004 dcua sb 001 0 eng  z 2004023736 z0895260476 (pbk. : alk. paper) aCaPaEBRcCaPaEBR a(OCoLC)647916368 an-us---14aE179b.W83 2004eb04a9732221 aWoods, Thomas E.14aThe politically incorrect guide to American historyh[electronic resource] /cThomas E. Woods. aWashington, D.C. :bRegnery Pub. ;aLanham, Md. :bDistributed by National Book Network,cc2004. axv, 270 p. :bill. aIncludes bibliographical references and index. aElectronic reproduction.bPalo Alto, Calif. :cebrary,d2013.nAvailable via World Wide Web.nAccess may be limited to ebrary affiliated libraries. 0aPolitical correctnesszUnited States. 0aUnited StatesxHistoryvMiscellanea. 7aElectronic books.2local2 aebrary, Inc.40uhttp://site.ebrary.com/lib/rucke/Doc?id=10381242zAn electronic book accessible through the World Wide Web; click to view c206633d206633